000 00991nam a2200241Ia 4500
003 OSt
005 20250711141224.0
008 191128s2000 mx a br 000 f spa d
020 _a9681660226
040 _aCO-JMCR
_cCO-JMCR
041 _aspa
082 0 4 _aN b
_bALOm
100 1 _aAlonso de Santiago, Belén,
_eautor
_96299
245 1 3 _aEl muu… sterio de la vaca descoyuntada /
_cBelén Alonso de Santiago
250 _aPrimera edición
260 _aMéxico ;
_bFondo de Cultura Económica,
_c2000
300 _a133 páginas :
_bilustraciones blanco y negro ;
_c19 cm.
490 0 _aA la orilla del viento
500 _aIncluye tabla de contenido.
520 _aAquel verano sí que fue especial en Cabañas Raras. Todo enpezó con el robo de unos valiosísimos diamantes del museo Tosen Tos. Depués en el hotel Rarotel se organizó una exposición de fotografía a la que asistió el famosísimo actor Camilo Lomica. Quién sa
650 1 4 _aNovela
_96300
942 _2ddc
_cBK
999 _c3374
_d3374